header

Selling through someone else (Record no. 154504)

MARC details
000 -LEADER
fixed length control field 01685nam a2200325 a 4500
082 04 - DEWEY DECIMAL CLASSIFICATION NUMBER
Classification number 658.85
100 1# - MAIN ENTRY--AUTHOR NAME
Personal name Wollan, Robert.
245 10 - TITLE STATEMENT
Title Selling through someone else
260 ## - PUBLICATION, DISTRIBUTION, ETC. (IMPRINT)
Place of publication Hoboken, N.J. :
Name of publisher John Wiley & Sons, Inc.,
Year of publication 2013.
300 ## - PHYSICAL DESCRIPTION
Number of Pages viii, 376 p. :
Other physical details ill.
505 0# - FORMATTED CONTENTS NOTE
Formatted contents note section I. The rising impact of sales and distribution: why "good enough" isn't enough anymore -- section II. The new agile selling model and strategy -- section III. Building the better network - positioning for success and effectiveness -- section IV. Beyond the "pilot" phase: the core components of the agile selling enterprise - positioning for efficiency -- section V. Empowering employees for selling success.
650 #0 - SUBJECT ADDED ENTRY--TOPICAL TERM
Topical Term Selling.
700 1# - ADDED ENTRY--PERSONAL NAME
Personal name Jain, Naveen.
Personal name Heald, Michael.
856 40 - ELECTRONIC LOCATION AND ACCESS
Uniform Resource Identifier http://site.ebrary.com/lib/rucke/Doc?id=10648822

No items available.

© 2026 Rongo University
Contact us: librarian | system librarian | Rongo university